LEADER 01170nam a2200289 u 4500 001 000000053606 003 CaOOAMICUS 005 20070226115559.0 008 001117s1941 it u000 u ita u 035 $a10861664 040 $aPUL(R)$bita 100 1 $aAbbagnano, Nicola,$d1901-1990.$0(OLS)http://pul/name/5565 245 10$aBernardino Telesio /$cNicola Abbagnano. 260 $aMilano :$bFratelli Bocca,$c1941. 300 $avii, 250 p. ;$c21 cm 490 1 $aStoria della filosofia italiana ;$v8 504 $aBibliografia in nota. 600 14$aTelesio, Bernardino,$d1509-1588$xBiografia.$0(OLS)http://pul/subject/22123 830 0$aStoria della filosofia italiana ;$v8.$0(OLS)http://pul/title/71903 850 $aPUL 852 $aPUL$W1$xDP1 Fondo Giannini$y60$m1556 A 38$j70702$nBK-PRI$b $qFondi$B70702$CPULBib$Z2$F70702 $81 852 $aPUL$W1$xDP2 Filosofia 1$y62$m95 G 29$j120437$nBK-PRI$bc. 2$qStampati$B119691$CPULBib$Z2$F119691 $81 941 1 $a1 941 1 $a8 961 $aINV: F. Giannini 996 $6245$aBernardino Telesio$9(OLS)http://pul/title/71902 996 $6260$aMilano :$bFratelli Bocca$9(OLS)http://pul/publisher/49904 LEADER 01542namaa2200349 i 4500 001 000000178449 003 CaOOAMICUS 005 20260203104134.0 007 tu 008 260203s2005 it o 000 u ita r 040 $aPUL$bita$erda 245 00$aPio II e le arti :$b la riscoperta dell'antico da Federighi a Michelangelo /$ca cura di Alessandro Angelini ; fotografie di Andrea e Fabio Lensini . 250 $aEdizione fuori commercio 264 4$cİ2005. 264 1$aSiena :$bMonte dei Paschi di Siena,$c[2005] 300 $a607 pagine :$cfotografie ;$a31 cm 336 $atesto$btxt$2rdacontent 337 $asenza mediazione$bn$2rdamedia 338 $avolume$bnc$2rdacarrier 500 $aTesto su due colonne. 504 $aBibliografia : pagine 585-601. 651 4$aSiena$xArte$ySec. XIV-XVI.$0(OLS)http://pul/subject/37305 700 1 $aAngelini, Alessandro,$d1958-,$ecuratore.$0(OLS)http://pul/name/81879 700 1 $aLensini Andrea,$efotografo.$0(OLS)http://pul/name/114732 700 1 $aLensini, Fabio,$efotografo.$0(OLS)http://pul/name/77990 850 $aPUL 852 $aPUL$W1$xDP1 Fondo Liberati$y125$m4 C 7$j44472$qFondi$B207562$CPULBib$Z2$F207562 $HLib300 $82 941 1 $a1 996 $6245$aPio II e le arti :$b la riscoperta dell'antico da Federighi a Michelangelo$9(OLS)http://pul/title/220033 996 $6264$aSiena :$bMonte dei Paschi di Siena$9(OLS)http://pul/publisher/67511 996 $6264$a[S.l.] :$b[s.n.]$9(OLS)http://pul/publisher/0